[Event "GER-chT U14"]
[Site "Magdeburg"]
[Date "2019.12.28"]
[Round "3.10"]
[White "Kokowski, Kevin"]
[Black "Schedel, Loris"]
[Result "1-0"]
[WhiteElo "1627"]
[BlackElo "1369"]
[PlyCount "61"]
[EventDate "2019.12.27"]
[EventType "team-swiss"]
[EventRounds "7"]
[EventCountry "GER"]
[SourceTitle "CBM 194 Extra"]
[Source "ChessBase"]
[SourceDate "2020.03.31"]
[SourceVersion "1"]
[SourceVersionDate "2020.03.31"]
[SourceQuality "1"]
[WhiteTeam "Walldorf"]
[BlackTeam "Goeppingen"]
[WhiteTeamCountry "GER"]
[BlackTeamCountry "GER"]

1. e4 c5 2. Nc3 g6 3. d4 e6 4. Be3 Qb6 5. Nb5 a6 6. dxc5 Qa5+ 7. Bd2 Qd8 8. Nd6+ Bxd6 9. cxd6 Qb6 10. Bc3 f6 11. Qf3 e5 12. Qd3 Nh6 13. Ne2 Nc6 14. h3 Nf7 15. f4 Qc5 16. 0-0-0 Nb4 17. Bxb4 Qxb4 18. Nc3 b5 19. Nd5 Qxd6 20. Qc3 0-0 21. Nc7 b4 22. Qc4 Qb6 23. Nxa8 Qe3+ 24. Kb1 Bb7 25. Nc7 Rc8 26. Be2 Bxe4 27. Rxd7 Kh8 28. Qxf7 g5 29. Qxf6+ Kg8 30. Rg7+ Kh8 31. Rxg5# 1-0

[Event "GER-chT U14"]
[Site "Magdeburg"]
[Date "2019.12.27"]
[Round "1.9"]
[White "Hoegner, Tom"]
[Black "Schedel, Loris"]
[Result "1-0"]
[WhiteElo "1768"]
[BlackElo "1369"]
[PlyCount "81"]
[EventDate "2019.12.27"]
[EventType "team-swiss"]
[EventRounds "7"]
[EventCountry "GER"]
[SourceTitle "CBM 194 Extra"]
[Source "ChessBase"]
[SourceDate "2020.03.31"]
[SourceVersion "1"]
[SourceVersionDate "2020.03.31"]
[SourceQuality "1"]
[WhiteTeam "Erlangen"]
[BlackTeam "Goeppingen"]
[WhiteTeamCountry "GER"]
[BlackTeamCountry "GER"]

1. e4 c5 2. Nf3 a6 3. c3 d5 4. e5 Bg4 5. Be2 e6 6. Qa4+ Nc6 7. Qxg4 h5 8. Qa4 b5 9. Qd1 Qc7 10. d4 Nge7 11. a3 Nf5 12. b4 cxb4 13. cxb4 a5 14. Bxb5 axb4 15. Qc2 Rc8 16. axb4 Bxb4+ 17. Bd2 0-0 18. Bxc6 Bxd2+ 19. Nbxd2 Qxc6 20. Qxc6 Rxc6 21. 0-0 Rc2 22. Nb3 Rc3 23. Na5 Ra8 24. Rfd1 Kh7 25. h3 Kg6 26. Kf1 Ne7 27. Nb7 Rb8 28. Nc5 Nc6 29. Rdc1 Rxc1+ 30. Rxc1 Rb4 31. Nxe6 fxe6 32. Rxc6 Kf5 33. g3 g5 34. Rc8 g4 35. hxg4+ hxg4 36. Rf8+ Ke4 37. Rf4+ Kd3 38. Rxg4 Rb1+ 39. Kg2 Ke2 40. Ng5 Rf1 41. Rf4 1-0

[Event "Baden Wuerttemberg-chT U14"]
[Site "Burg Ortenberg"]
[Date "2018.06.24"]
[Round "4.4"]
[White "Takas, Dimitrios"]
[Black "Schedel, Loris"]
[Result "0-1"]
[WhiteElo "965"]
[BlackElo "1243"]
[PlyCount "70"]
[EventDate "2018.06.23"]
[EventType "team-tourn"]
[EventRounds "5"]
[EventCountry "GER"]
[SourceTitle "EXT 2019"]
[Source "ChessBase"]
[SourceDate "2018.10.10"]
[SourceVersion "1"]
[SourceVersionDate "2018.10.10"]
[SourceQuality "1"]
[WhiteTeam "Murrhardt U14"]
[BlackTeam "Goeppingen U14"]
[WhiteTeamCountry "GER"]
[BlackTeamCountry "GER"]

1. d4 d5 2. Nf3 Nf6 3. Bf4 e6 4. e3 c5 5. c3 c4 6. Be2 Nc6 7. b3 b5 8. Nbd2 Bd6 9. Bg3 0-0 10. Ne5 Bb7 11. Nef3 Qc7 12. Ne5 Nxe5 13. dxe5 Bxe5 14. Nf3 Bxc3+ 15. Kf1 Qa5 16. Rc1 Bb2 17. Rc2 Qxa2 18. Be5 c3 19. Bxc3 Qxb3 20. Bxb2 Ne4 21. Nd4 Qb4 22. Nxb5 Ba6 23. Ba3 Qb3 24. Bxf8 Bxb5 25. Bxb5 Qxb5+ 26. Qe2 Qb1+ 27. Qe1 Qxc2 28. Bb4 Rb8 29. g3 Rxb4 30. Kg2 Rb2 31. Qc1 Qxf2+ 32. Kh3 Qf5+ 33. g4 Qf3+ 34. Kh4 g5+ 35. Kh5 Qh3# 0-1

[Event "Baden Wuerttemberg-chT U14"]
[Site "Burg Ortenberg"]
[Date "2018.06.23"]
[Round "2.4"]
[White "Chung, Dana"]
[Black "Schedel, Loris"]
[Result "1-0"]
[WhiteElo "1315"]
[BlackElo "1243"]
[PlyCount "73"]
[EventDate "2018.06.23"]
[EventType "team-tourn"]
[EventRounds "5"]
[EventCountry "GER"]
[SourceTitle "EXT 2019"]
[Source "ChessBase"]
[SourceDate "2018.10.10"]
[SourceVersion "1"]
[SourceVersionDate "2018.10.10"]
[SourceQuality "1"]
[WhiteTeam "Karlsruhe U14"]
[BlackTeam "Goeppingen U14"]
[WhiteTeamCountry "GER"]
[BlackTeamCountry "GER"]

1. Nf3 Nc6 2. d4 e6 3. Bf4 Nf6 4. e3 g6 5. c4 d5 6. Nc3 Bg7 7. Be2 0-0 8. 0-0 Re8 9. cxd5 Nxd5 10. Nxd5 exd5 11. a3 Bf5 12. b4 Qd7 13. Rc1 Rac8 14. Bd3 Re7 15. Bxf5 Qxf5 16. Rc5 b6 17. Rxc6 h6 18. Bg3 Qd7 19. Qc2 h5 20. Rc1 Kh7 21. Rxc7 Rxc7 22. Qxc7 Qxc7 23. Rxc7 Rxc7 24. Bxc7 Bf8 25. Ne5 Kg7 26. Nc6 a5 27. Bxb6 axb4 28. axb4 Kf6 29. Bc5 Bxc5 30. bxc5 Ke6 31. Ne5 g5 32. Kf1 f6 33. Nd3 Kd7 34. Nb4 Ke6 35. Ke2 f5 36. Kf3 h4 37. h3 1-0